Statistics for Premiership Rugby Winners 1987-2023

Click here to take the quiz!

General Stats

  • This quiz has been taken 10 times
  • The average score is 17 of 36

Answer Stats

YearWinnerRunner-up% Correct
2022/23SaracensSale
100%
2021/22LeicesterSaracens
90%
2014/15SaracensBath
70%
2018/19SaracensExeter
70%
2017/18SaracensExeter
70%
2019/20ExeterWasps
60%
2016/17ExeterWasps
60%
2020/21HarlequinsExeter
60%
2012/13LeicesterNorthampton
60%
2015/16SaracensExeter
60%
2007/08WaspsLeicester
60%
2009/10LeicesterSaracens
50%
2008/09LeicesterLondon Irish
50%
2006/07LeicesterGloucester
50%
2013/14NorthamptonSaracens
50%
2010/11SaracensLeicester
50%
2011/12HarlequinsLeicester
40%
2001/02LeicesterSale
40%
1998/99LeicesterNorthampton
40%
1999/00LeicesterBath
40%
2000/01LeicesterWasps
40%
2004/05WaspsLeicester
40%
2002/03WaspsGloucester
40%
2003/04WaspsBath
40%
1995/96BathLeicester
30%
1993/94BathLeicester
30%
1992/93BathGloucester
30%
1991/92BathOrrell
30%
1990/91BathWasps
30%
1994/95LeicesterBath
30%
1987/88LeicesterWasps
30%
2005/06SaleLeicester
30%
1996/97WaspsBath
30%
1988/89BathGloucester
20%
1997/98NewcastleSaracens
20%
1989/90WaspsGloucester
20%

Score Distribution

Percentile by Number Answered

Percent of People with Each Score

Your Score History

You have not taken this quiz